000 01179nam a2200337Ia 4500
005 20220317001823.0
008 170410s2008 s g 000 f s
020 _a9788420635132
041 _aspa
100 1 _aGraves, Robert
_d1895-1985
245 1 0 _aClaudio el dios y su esposa Mesalina
_cRobert Graves ; traductor Floreal Mazía
250 _a1a. edición, 4a reimpresión
300 _a640 páginas
_c17 cm
490 _aEl libro de bolsillo : literatura
500 _aIncluye datos biográficos del autor
521 _aRecomendado para adultos
534 _tClaudius the God and his Wife Messalina
650 1 4 _2LEMB
_aNovela inglesa
_ySiglo XIX
650 1 4 _2LEMB
_aLiteratura inglesa
_ySiglo XIX
650 1 4 _2LEMB
_aEmperadores romanos en la literatura
650 1 4 _2LEMB
_aRoma en la literatura
651 4 _aRoma
_vImperio
_xHistoria
_y30 A.C-476 D.C
_977509
700 1 _aMazía, Floreal
_etraductora
_977510
942 _2loc
_cBKLIT
264 _aMadrid
_bAlianza
_c2008
336 _atexto
_btxt
_2rdacontent
337 _asin mediación
_bn
_2rdamedia
338 _avolumen
_bnc
_2rdacarrier
040 _aCO-BoRNBP
_bspa
_erda
_cCO-BoRNBP
084 _aN GRA3
999 _c8208
_d8208